Abnormal types of speech in Nootka, (Record no. 25582)
[ view plain ]
| 000 -LEADER | |
|---|---|
| fixed length control field | 00791cam a22002411 4500 |
| 001 - CONTROL NUMBER | |
| control field | gs 15000775 |
| 003 - CONTROL NUMBER IDENTIFIER | |
| control field | DLC |
| 005 - DATE AND TIME OF LATEST TRANSACTION | |
| control field | 20260227111318.0 |
| 008 - FIXED-LENGTH DATA ELEMENTS--GENERAL INFORMATION | |
| fixed length control field | 741114s1915 onc 000 0 eng c |
| 010 ## - LIBRARY OF CONGRESS CONTROL NUMBER | |
| LC control number | gs 15000775 |
| 035 ## - SYSTEM CONTROL NUMBER | |
| System control number | (OCoLC)1074922 |
| 040 ## - CATALOGING SOURCE | |
| Original cataloging agency | Library, U.S. Geological Survey |
| Transcribing agency | DeU |
| Modifying agency | OCoLC |
| -- | DLC |
| 042 ## - AUTHENTICATION CODE | |
| Authentication code | premarc |
| 050 00 - LIBRARY OF CONGRESS CALL NUMBER | |
| Classification number | QE185 |
| Item number | .A2 no. 62 |
| 051 ## - LIBRARY OF CONGRESS COPY, ISSUE, OFFPRINT STATEMENT | |
| Classification number | PM2031 |
| Item number | .S3 |
| Copy information | Copy 2. |
| 100 1# - MAIN ENTRY--PERSONAL NAME | |
| Personal name | Sapir, Edward, |
| Dates associated with a name | 1884-1939. |
| 245 10 - TITLE STATEMENT | |
| Title | Abnormal types of speech in Nootka, |
| Statement of responsibility, etc. | by Edward Sapir. |
| 260 ## - PUBLICATION, DISTRIBUTION, ETC. | |
| Place of publication, distribution, etc. | Ottawa, |
| Name of publisher, distributor, etc. | Government Printing Bureau, |
| Date of publication, distribution, etc. | 1915. |
| 300 ## - PHYSICAL DESCRIPTION | |
| Extent | 1 p. l., 21 p. |
| Other physical details | fold. tab. |
| Dimensions | 23 cm. |
| 490 1# - SERIES STATEMENT | |
| Series statement | Memoir / Geological Survey of Canada, |
| Volume/sequential designation | no. 62 |
| 500 ## - GENERAL NOTE | |
| General note | Bibliographical footnotes. |
| 830 #0 - SERIES ADDED ENTRY--UNIFORM TITLE | |
| Uniform title | Memoir (Geological Survey of Canada) ; |
| Volume/sequential designation | no. 62. |
No items available.